Theatrum morum : artliche Gespräch der Thier : Prag 1608 /

Hlavní autor: Sadeler, Egidius, 1570-1629
Jazyk: Němčina
Vydáno: Prag : Gesellschaft deutscher Bücherfreunde, 1938
Edice: Veröffentlichung der Gesellschaft deutscher Bücherfreunde
Fyzický popis: 2 sv. ; 8°
Odebírané svazky: 1-2
Knihy
Uloženo v:
LEADER 01212nam a22002772aa4500
001 001418820
003 CZ BrMZK
005 20140911143511.0
007 ta
008 140909s1938 xr er|||||||||||ger d
015 |a cnb000955453 
035 |a (OCoLC)85716748 
040 |a ABA001  |b cze  |c HKA001  |d ABA001  |d BOA001 
100 1 |a Sadeler, Egidius,  |d 1570-1629  |7 xx0016189  |4 aut 
245 1 0 |a Theatrum morum :  |b artliche Gespräch der Thier : Prag 1608 /  |c Ägidius Sadeler 
260 |a Prag :  |b Gesellschaft deutscher Bücherfreunde,  |c 1938 
300 |a 2 sv. ;  |c 8° 
490 1 |a Veröffentlichung der Gesellschaft deutscher Bücherfreunde ;  |v 13, 14 
505 0 0 |g Bd. 1.  |t Einleitung zu der von der Gesellschaft deutscher bücherfreunde besorgten Neuausgabe.  |g Von Erhard Preissig. 108 s., příl. --  |g Bd. 2.  |t Neuasgabe.  |g 139 s. 
830 0 |a Veröffentlichung der Gesellschaft deutscher Bücherfreunde 
910 |a BOA001  |b 2-0393.175  |s 1-2 
990 |a BK 
993 |a Y 
991 |b 201409 
996 6 |b 2619134024  |c 2-0393.175  |d Bd. 2.  |v 2  |l MZK  |r Sklad / do 24 hodin  |n 0  |w 001453972  |u 000020  |a 1  |e BOA001  |j MZK50  |s P 
996 6 |b 2619134025  |c 2-0393.175  |d Bd. 1.  |v 1  |l MZK  |r Sklad / do 24 hodin  |n 2  |w 001453972  |u 000010  |a 1  |e BOA001  |j MZK50  |s P